Efecto de la aplicación de estiércol vacuno sobre algunas propiedades físicas y químicas de un suelo de la región semiárida bonaerense /

Guardado en:
Autor Principal: Alvarez, Walter Raúl.
Autor Corporativo: Universidad Nacional del Sur. Departamento de Agronomía.
Otros Autores: Laurent, Gabriela, (tutor.)
Formato: Libro
Idioma:Spanish
Publicado: Bahía Blanca, 2017.
Etiquetas: Agregar Etiqueta
Sin Etiquetas, Sea el primero en etiquetar este registro!
LEADER 00792nam a22001695a 4500
001 EEA.libagro010801
005 20181010080452.0
008 170322s2017####ag############000#0#spa#d
082 0 4 |a 631.86 
100 1 |a Alvarez, Walter Raúl. 
245 1 0 |a Efecto de la aplicación de estiércol vacuno sobre algunas propiedades físicas y químicas de un suelo de la región semiárida bonaerense /  |c Walter Raúl Alvarez. 
260 |a Bahía Blanca,  |c 2017. 
300 |a 53 h. :  |b il. col., fot. col. ;  |c 30 cm. 
500 |a Trabajo de intensificación (Ingeniero Agrónomo) -- Universidad Nacional del Sur. Departamento de Agronomía, 2017. 
700 1 |a Laurent, Gabriela,  |e tutor. 
710 2 |a Universidad Nacional del Sur.  |b Departamento de Agronomía. 
859 |a AR-BbBCA  |b BIB. AGRONOMIA  |h 631.86  |i A473  |p 2017/6764